Principales infecciones de transmisión sexual en mujeres en edad fértil en Unidad de Salud Cara Sucia del Municipio de San Francisco Menéndez, Departamento de Ahuachapán, El Salvador (Registro nro. 33670)

Detalles MARC
000 -CABECERA
Longitud fija campo de control 01177nam a22002297a 4500
003 - IDENTIFICADOR DELl NÚMERO DE CONTROL
Identificador del número de control OSt
005 - FECHA Y HORA DE LA ÚLTIMA TRANSACCIÓN
Fecha y hora de la última transacción 20230607222452.0
008 - CÓDIGOS DE INFORMACIÓN DE LONGITUD FIJA
Códigos de información de longitud fija 140214b2022 slv spa
040 ## - FUENTE DE LA CATALOGACIÓN
Centro transcriptor BMC
082 ## - NÚMERO DE LA CLASIFICACIÓN DECIMAL DEWEY
Númeroo de clasificación 613.9
100 1# - PUNTO DE ACCESO PRINCIPAL-NOMBRE DE PERSONA
Nombre de persona Marroquin Escobar, Eduardo José
9 (RLIN) 46947
245 10 - MENCIÓN DE TÍTULO
Título Principales infecciones de transmisión sexual en mujeres en edad fértil en Unidad de Salud Cara Sucia del Municipio de San Francisco Menéndez, Departamento de Ahuachapán, El Salvador
Resto del título : investigación, informe final
Mención de responsabilidad, etc. Eduardo José Marroquin Escobar, Luis Enrique Rodríguez Martínez, Rodrigo Alejandro Salazar Valencia
260 ## - PUBLICACIÓN, DISTRIBUCIÓN, ETC. (PIE DE IMPRENTA)
Lugar de publicación, distribución, etc. Santa Ana (El Salvador)
Nombre del editor, distribuidor, etc. Universidad Católica de El Salvador
Fecha de publicación, distribución, etc. 2022
300 ## - DESCRIPCIÓN FÍSICA
Extensión 55 h.
Dimensiones 28 cm
Material anejo + 1 disco compacto
500 ## - NOTA GENERAL
Nota general Precede al tít.: Universidad Católica de El Salvador, Facultad de Ciencias de la Salud
502 ## - NOTA DE TESIS
Nota de tesis Para optar al grado académico de: Doctorado en Medicina
650 24 - PUNTO DE ACCESO ADICIONAL DE MATERIA - TÉRMINO DE MATERIA
9 (RLIN) 24543
Término de materia o nombre geográfico como elemento inicial Higiene sexual
700 1# - PUNTO DE ACCESO ADICIONAL - NOMBRE DE PERSONA
Nombre de persona Rodríguez Martínez, Luis Enrique
9 (RLIN) 46948
700 1# - PUNTO DE ACCESO ADICIONAL - NOMBRE DE PERSONA
Nombre de persona Salazar Valencia, Rodrigo Alejandro
9 (RLIN) 46949
710 2# - PUNTO DE ACCESO ADICIONAL - NOMBRE DE ENTIDAD
9 (RLIN) 33484
Nombre de entidad o nombre de jurisdicción como elemento inicial Universidad Católica de El Salvador
Unidad subordinada Facultad de Ciencias de la Salud
942 ## - ENTRADA DE ELEMENTOS AGREGADOS (KOHA)
Fuente de clasificaión o esquema Dewey Decimal Classification
Koha [por defecto] tipo de item 4- Trabajo de Graduación
Existencias
Suprimido Perdido Fuente de clasificación o esquema Estropeado Restricciones de uso No para préstamo Código de colección Localización permanente Localización actual Localización en estanter&íacute;as Fecha adquisición Fuente de adquisición Número de inventario Préstamos totales Signatura completa Código de barras Fecha última consulta Fecha último préstamo Fecha del precio de reemplazo Tipo de item de Koha
NULL NULL Dewey Decimal Classification NULL Prestable NULL NULL Biblioteca Miguel de Cervantes - UNICAES Biblioteca Miguel de Cervantes - UNICAES Sala Principal 15/02/2023 Donacion - Eduardo José Marroquin Escobar, Luis Enrique Rodríguez Martínez, Rodrigo Alejandro Salazar Valencia 000805 2 I-000805 1050247 25/07/2024 25/07/2024 22/02/2023 4- Trabajo de Graduación